| 000 | 01778cam a22003373a 4500 | ||
|---|---|---|---|
| 001 | 16382284 | ||
| 003 | ARRUPE | ||
| 005 | 20151024115110.0 | ||
| 008 | 911126t19911983nyu 000 0 eng d | ||
| 010 | _a 98811639 | ||
| 020 |
_a0451628365 (pbk.) : _c$5.99 |
||
| 020 | _a0882580086 | ||
| 035 | _a(OCoLC)ocm24862188 | ||
| 040 |
_aOCO _cOCO _dGZM _dDLC |
||
| 050 | 0 | 0 | _aPS 508.A8 A1 |
| 245 | 0 | 0 |
_aAiiieeeee! _bAn anthology of Asian-American writers / _cedited by Frank Chin ... [et al.] |
| 260 |
_aNew York, N.Y. : _bMentor, _c[1991], c1983. |
||
| 300 |
_axli, 294 p. ; _c18 cm. |
||
| 500 | _a"A Mentor book." | ||
| 505 | 0 | _aFrom America is in the heart, a novel / Charles Bulosan -- The Chinese in Haifa / Jeffery Paul Chan -- From The frontiers of love, a novel / Diana Chang -- Act I of The chickencoop Chinaman / Frank Chin -- From Eat a bowl of tea, a novel / Louis Chu -- Act I of The gold watch / Momoko Iko -- Rough notes for Mantos / Wallace Lin -- The woman who makes swell doughnuts / Toshio Mori -- From No-no boy, a novel / John Okada -- Dark fiesta / Oscar PeƱaranda -- The new anak / Sam Tagatac -- Each year grain / Shawn Hsu Wong -- Yoneko's earthquake / Hisaye Yamamoto -- And the soul shall dance / Wakako Yamauchi. | |
| 650 | 0 |
_aAmerican literature _xAsian American authors. _920463 |
|
| 650 | 0 |
_aAsian Americans _vLiterary collections. _920464 |
|
| 650 | 0 |
_aAmerican literature _y20th century. _920465 |
|
| 655 | 7 |
_aAdventure fiction. _2gsafd _920466 |
|
| 655 | 7 |
_aEpic fiction. _2gsafd _920467 |
|
| 655 | 7 |
_aSuspense fiction. _2gsafd _920384 |
|
| 700 | 1 |
_aChin, Frank, _d1940- _920468 |
|
| 710 | 2 |
_aCopyright Paperback Collection (Library of Congress) _5DLC _920469 |
|
| 906 |
_a7 _bcbc _ccopycat _d2 _encip _f19 _gy-genrareb |
||
| 942 |
_2lcc _cMONOGRAPH |
||
| 999 |
_c123590 _d123590 |
||